Những bài thực hành cơ sở dữ liệu Visual Basic 6.0 nâng cao

Uloženo v:
Podrobná bibliografie
Hlavní autor: Đinh, Xuân Lâm
Médium: Kniha
Jazyk:Undetermined
Vydáno: Hà Nội Thống Kê 2004
Témata:
Tagy: Přidat tag
Žádné tagy, Buďte první, kdo otaguje tento záznam!
Thư viện lưu trữ: Trung tâm Học liệu Trường Đại học Cần Thơ
LEADER 00586nam a2200193Ia 4500
001 CTU_64777
008 210402s9999 xx 000 0 und d
020 |c 35000 
082 |a 005.133 
082 |b L120 
100 |a Đinh, Xuân Lâm 
245 0 |a Những bài thực hành cơ sở dữ liệu Visual Basic 6.0 nâng cao 
245 0 |c Đinh Xuân Lâm 
260 |a Hà Nội 
260 |b Thống Kê 
260 |c 2004 
650 |a Basic ( computer program language ) 
904 |i Minh,Hải 
980 |a Trung tâm Học liệu Trường Đại học Cần Thơ